Fallout: New Vegas Crafting - Statistics

General Stats
  • This quiz has been taken 2 times
  • The average score is 60 of 90
Answer Stats
Hint Answer % Correct
Nightstalker blood, Radscoprion poison gland Antivenom
100%
Bighorner meat Bighorner steak
100%
Blood sausage, Mutant cave fungus, Wine, Xander root Black blood sausage
100%
Coffee mug, Coffee pot, Coyote tobacco chew, Honey mesquite pod Black coffee
100%
Bottle caps, Cherry bomb, Lunchbox, Sensor Module Bottlecap mine
100%
Beer, Brahmin meat, Fresh potato, Jalapeño pepper; Recipe found inside Fiend encampment Cook-Cook's Fiend stew
100%
Cosmic knife, Abraxo cleaner Cosmic knife clean
100%
Hot plate, Forceps, Cosmic knife, Pilot light; Recipe found inside Sierra Madre Suites Cosmic knife super-heated
100%
Barrel cactus fruit, Brahmin steak, Pinyon nuts Desert Salad
100%
Forceps, Medical brace, Scalpel, Surgical tubing Doctor's bag
100%
NCR dogtags; Complete Help for Halford Dog tag fist
100%
Mini nuke, Sensor module, Scrap electronics, Scrap metal; Mad Bomber Perk Fat mine
100%
K9000 Cyberdog gun; Recipe found inside X-8 research center FIDO
100%
Rawr's talon Fist of Rawr/ Fist of the North Rawr
100%
Leather armor, Tanned gecko hides Gecko-backed leather armor
100%
Metal armor, Tanned gecko hides Gecko-backed metal armor
100%
Bottle cap, Barrel cactus fruit, Empty soda bottle, Nevada agave fruit Home-brewed Nuka-Cola
100%
Bottle cap, Barrel cactus fruit, Empty Sunset Sarsaparilla bottle, Nevada agave fruit Home-brewed Sunset Sarsaparilla
100%
Duct tape, Throwing knife spear, Cosmic kinfe Knife spear
100%
Duct tape, Knife spear, Cosmic knife clean, Abraxo cleaner Knife spear clean
100%
Coyote hide/ Dog hide/ Fire gecko hide/ Gecko hide/ Golden gecko hide/ Green gecko hide Leather belt
100%
Duct tape, Microfusion cells, Scrap electronics; Mad bomber perk MFC cluster
100%
Microfusion cells; Mad Bomber perk MFC grenade
100%
Nuka-Cola; Nuka Chemist perk Nuka-Cola Quartz
100%
Nuka-Cola; Nuka Chemist perk Nuka-Cola Victory
100%
Abraxo cleaner, Nuka-Cola Quartz, Tin can, Turpentine; Mad Bomber perk Nuka-grenade
100%
Purified water, Jet Rushing water
100%
Jar of Cloud residue, Junk food, Tin can; Recruit Dean Domino Sierra Madre martini
100%
Broc flower, Empty syringe, Xander root Stimpak
100%
Leather belt, Mutfruit, Nuka-Cola, Stimpak Super stimpak
100%
Gecko hide, Turpentine, White horsenettle Tanned gecko hide
100%
Flour, Mutant cave fungus, Thin red paste Thick red paste
100%
Duct tape, Dynamite, Egg timer, Scrap electronics Time bomb
100%
Tin can, Pistol powder, Duct tape Tin grenade
100%
Empty Whiskey bottle, Nevada agave fruit, Purified water Wasteland tequila
100%
Mentats, Nuka-Cola Victory, Vodka Atomic cocktail
50%
Sensor module, Stimpak Auto-inject stimpak
50%
Sensor module, Super stimpak Auto-inject Super stimpak
50%
Mutant cave fungus, Salient Green, Vodka Battle Brew
50%
Broc flower, Xander root, Empty Sunset Sarsaparilla bottle; Complete Lonesome Road Bitter drink
50%
Bark scorpion poison gland, Cazador poison gland, White horsenettle Bleak venom
50%
Bloatfly meat, Prickly pear fruit Bloatfly slider
50%
Barrel cactus fruit, Cave fungus, Spore plant pods Blood Shield
50%
Brahmin meat Brahmin steak
50%
Ant egg, BlamCo Mac & Cheese, Brahmin meat; Recipe found inside the Ultra-Luxe Brahmin Wellington
50%
Empty soda bottle, Prickly pear fruit Cactus water (Purified water)
50%
Cram, Instamash, Lunchbox, Pork n' Beans Caravan Lunch
50%
Abraxo cleaner, Jar of Cloud residue, Turpentine Cloud Kiss (potent/ lethal)
50%
Abraxo cleaner, Jar of Cloud residue Cloud Kiss (weak)
50%
Coyote meat Coyote steak
50%
Sacred datura root, Turpentine Dark datura
50%
Sacred datura root, Wonderglue Datura hide
50%
Flour, Purified water, Sacred datura root Daturana
50%
Dog meat Dog steak
50%
Jalapeño pepper, Vodka, White horsenettle Fiery purgative
50%
Cram, Fire ant meat, Flour Fire ant Fricassée
50%
Gecko-backed leather armor, reinforced
50%
Gecko-backed metal armor, reinforced
50%
Banana yucca fruit, Gecko meat, Jalapeño pepper Gecko kebab
50%
Gecko meat Gecko steak
50%
Honey mesquite pod, Mantis foreleg, Wine Grilled mantis leg
50%
Broc flower, Cave fungus, Nevada agave fruit, Xander root Healing poultice
50%
Broc flower, Xander root Healing powder
50%
Nuka-Cola; Nuka Chemist perk Ice cold Nuka-Cola
50%
Large whiskey bottle, Nevada agave fruit, Purified water Large wasteland tequila
50%
Dirty water, Glass pitcher, Surgical tubing (Mass) purified water
50%
Beer, Maize, Mole rat meat, Pinto bean pod Mole rat stew
50%
Maize, Mutfruit, Yeast, Fission battery; Recruit Cass Moonshine
50%
Gum drops, Nightstalker egg, Sugar Bombs Mushroom Cloud
50%
Flour, Mutant cave fungus, Nighstalker blood Nightstalker Squeezin's
50%
Honey mesquite pod, Mentats, Whiskey Party Time Mentats
50%
Duct tape, Dynamite, Sensor module, Tin can; Recipe found inside the NCRCF Powder charge
50%
Lead, Pistol powder, Scrap electronics, Sensor module Satchel charge
50%
Metal cooking pan, Metal cooking pot, Pot Scrap metal
50%
Butter knife, Fork, Metal spoon, Tin plate Scrap metal
50%
Bark scorpion poison gland, Radscorpion poison gland, White horsenettle Silver Sting
50%
Banana yucca fruit, Psycho, Stimpak Slasher
50%
Buffalo gourd seed, Surgical tubing Snakebite tourniquet
50%
Fresh apple, Fresh pear, Pinyon nuts, Sugar Bombs Trail mix
50%
Radscorpion poison gland, Cazador poison gland, White horsenettle Tremble
50%
Broc flower, Cazador Poison Gland, Jet, Turpentine; Rescue Anders Turbo
50%
BlamCo Mac & Cheese, Crunchy mutfruit, Deathclaw egg, Lakelurk meat; Complete You Gotta Break Out a Few Eggs Wasteland omelet
50%
Healing powder, Knife, Leather belt, Wonderglue Weapon binding ritual
50%
Duct tape, Scrap electronics, Scrap metal, Wonderglue, Wrench Weapon repair kit
50%
Broc flower, Sacred datura root, Spore plant pods, Xander root Datura antivenom
0%
Sensor module, Duct tape, Pilot light, Scrap electronics Gas bomb
0%
Jar of Cloud residue Ghost Sight
0%
Cave fungus, Nightstalker blood, Radscorpion poison gland Hydra
0%
Bark Scorpion poison gland, Cazador poison gland, White horsenettle Mother Darkness
0%
Box of detergent, Jet, Nuka-Cola Rocket
0%
No matching quizzes found
Score Distribution
Percent of People with Each Score
Percentile by Number Answered
Your Score History
You have not taken this quiz